00632cam a2200181 a 450000100100000000500170001000800410002704000250006808200250009310000290011824501100014725000110025726000470026830000390031550400430035465000270039765100260042400001446920200929163845.0830915s1982 cl ac b 000 0 spa d aDO-SdBNPbspacBNPHU a983.306bG589c, 19821 aGodoy Urzúa, Hernán.13aLa cultura chilena :bensayo de síntesis y de interpretación sociológica /cHernán Godoy Urzúa. a2a ed. aSantiago de Chile :bUniversitaria,c1982. aiv, 553 p. :bil. retrs. ;c25 cm. aIncluye bibliografia (p. 537 - [554]). 4aChilexCultura popular 4aChilexCivilización